Trend Zeit <Die> Zukunft überrascht sich selbst
Saved in:
| Main Author: | |
|---|---|
| Format: | Book |
| Language: | German |
| Published: |
Düsseldorf
Econ
1993
|
| Edition: | 1. Aufl. |
| Subjects: | |
| Tags: |
No Tags, Be the first to tag this record!
|
MARC
| LEADER | 00000nam a2200000 4500 | ||
|---|---|---|---|
| 001 | c003183 | ||
| 005 | 20221214084119.6 | ||
| 020 | |a 3-430-13157-X | ||
| 041 | 0 | |a ger | |
| 044 | |a DE | ||
| 245 | 1 | 0 | |a Trend Zeit |b <Die> Zukunft überrascht sich selbst |c Gerd Gerken |
| 250 | |a 1. Aufl. | ||
| 264 | 1 | |a Düsseldorf |b Econ |c 1993 | |
| 300 | |a 559 s. | ||
| 610 | 2 | 0 | |a vývoj |
| 610 | 2 | 0 | |a prognózy |
| 610 | 2 | 0 | |a futurológia |
| 100 | 1 | |a Gerken, Gerd | |